[Event "Bayern-chI Bank Hofmann 12th"]
[Site "Bad Wiessee"]
[Date "2008.11.01"]
[Round "1"]
[White "Llaneza Vega, Marcos"]
[Black "Ellmaier, Hans Ludwig"]
[Result "1-0"]
[WhiteElo "2485"]
[BlackElo "2009"]
[PlyCount "55"]
[EventDate "2008.11.01"]
[EventType "swiss"]
[EventRounds "9"]
[EventCountry "GER"]
[SourceTitle "EXT 2009"]
[Source "ChessBase"]
[SourceDate "2008.11.26"]
[SourceVersion "1"]
[SourceVersionDate "2008.11.26"]
[SourceQuality "1"]

1. e4 e6 2. Nc3 c5 3. Nf3 Nc6 4. d4 cxd4 5. Nxd4 Nxd4 6. Qxd4 a6 7. Be2 Ne7 8. Be3 Nc6 9. Qd2 Bb4 10. a3 Qa5 11. 0-0 Bxc3 12. bxc3 0-0 13. f4 d5 14. e5 Bd7 15. Rab1 b5 16. a4 Ne7 17. Bd3 Rfc8 18. Qf2 Qc7 19. Qh4 g6 20. Rf3 Qd8 21. Qf2 Nc6 22. axb5 axb5 23. h4 Ne7 24. Bb6 Qe8 25. h5 Rxc3 26. Rh3 Rac8 27. Bd4 R3c7 28. Qh4 1-0